|
|
|
|
| LEADER |
01975nam a2200421 i 4500 |
| 001 |
EBC4661539 |
| 003 |
MiAaPQ |
| 005 |
20200520144314.0 |
| 006 |
m o d | |
| 007 |
cr cnu|||||||| |
| 008 |
160915t20152015enka o 000 0 spa d |
| 020 |
|
|
|z 9789223298258
|
| 020 |
|
|
|a 9789223298265
|q (electronic bk.)
|
| 035 |
|
|
|a (MiAaPQ)EBC4661539
|
| 035 |
|
|
|a (Au-PeEL)EBL4661539
|
| 035 |
|
|
|a (CaPaEBR)ebr11253369
|
| 035 |
|
|
|a (OCoLC)958385982
|
| 040 |
|
|
|a MiAaPQ
|b eng
|e rda
|e pn
|c MiAaPQ
|d MiAaPQ
|
| 050 |
|
4 |
|a VK235
|b .N335 2015
|
| 082 |
0 |
|
|a 623.8881
|2 23
|
| 110 |
2 |
|
|a United Nations,
|e author.
|
| 245 |
1 |
0 |
|a Codigo de practicas OMI/OIT/CEPE-naciones unidas sobre la arrumazon de las unidades de transporte (Codigo CTU) :
|b edicion de 2014 /
|c Naciones Unidas, Organizacion Internacional del Trabajo.
|
| 264 |
|
1 |
|a London, England :
|b Organizacion Maritima Internacional,
|c 2015.
|
| 264 |
|
4 |
|c 2015
|
| 300 |
|
|
|a 1 online resource (161 pages) :
|b illustrations (some color), tables
|
| 336 |
|
|
|a text
|2 rdacontent
|
| 337 |
|
|
|a computer
|2 rdamedia
|
| 338 |
|
|
|a online resource
|2 rdacarrier
|
| 588 |
|
|
|a Description based on online resource; title from PDF title page (ebrary, viewed September 15, 2016).
|
| 590 |
|
|
|a Electronic reproduction. Ann Arbor, MI : ProQuest, 2016. Available via World Wide Web. Access may be limited to ProQuest affiliated libraries.
|
| 650 |
|
0 |
|a Cargo handling.
|
| 650 |
|
0 |
|a Containers.
|
| 650 |
|
0 |
|a Unitized cargo systems.
|
| 655 |
|
4 |
|a Electronic books.
|
| 710 |
2 |
|
|a Organizacion Internacional del Trabajo,
|e author.
|
| 776 |
0 |
8 |
|i Print version:
|a Naciones Unidas.
|t Codigo de practicas OMI/OIT/CEPE-naciones unidas sobre la arrumazon de las unidades de transporte (Codigo CTU) : edicion de 2014.
|d London, England : Organizacion Maritima Internacional, c2015
|h vii, 151 pages
|z 9789223298258
|
| 797 |
2 |
|
|a ProQuest (Firm)
|
| 856 |
4 |
0 |
|u https://ebookcentral.proquest.com/lib/matrademy/detail.action?docID=4661539
|z Click to View
|